000 00926nam a22002417a 4500
999 _c178262
_d178262
005 20210323164649.0
010 _aENG-129271
020 _a978-93-80831-42-8
_c298.00
035 _aEN-112803
037 _bDBAD/PUB
082 _a657.48
245 _aFinancial Accounting: I- B. Com/I- Semester as per choice based credit system/
_cEsampally Chandraiah, et.al.
260 _aHyderabad
_bSeven Hills International Publishers
_c2017
270 _bHyderabad
_e500038
_a3326/C, Level-4, Surneni Nilayam, Near B K Gupta Park, S R Nagar
_k91 40 23710657, 238000657
_l91 40 23810657
_mstudentshelpline.in@gmail.com
300 _aviii+360p.
_c24cm(pbk)
_bIncluding tables.
700 _aChandraiah, Esampally
700 _aJ. Sangameshwar
700 _aV. Murali Krishna
700 _aRao, G. Bhaskar
700 _aK. Vijay Lakshmi
700 _aRao, P. Venkateshwar, Ed.
942 _2ddc
_cEN
_h657.48
_mFIN